[Event "Berlin op 10"]
[Site "Berlin"]
[Date "2000.10.30"]
[Round "3"]
[White "Arndt, Matthias"]
[Black "Gruber, Andreas"]
[Result "0-1"]
[WhiteElo "892"]
[BlackElo "1602"]
[PlyCount "52"]
[EventDate "2000.10.16"]
[EventType "swiss"]
[EventRounds "7"]
[EventCountry "GER"]
[SourceTitle "EXT 2007"]
[Source "ChessBase"]
[SourceDate "2006.11.23"]
[SourceVersion "1"]
[SourceVersionDate "2006.11.23"]
[SourceQuality "1"]

1. e4 c6 2. d4 d5 3. Nc3 dxe4 4. Nxe4 Nf6 5. Ng3 Nbd7 6. Nf3 e6 7. Be2 Bd6 8. 0-0 0-0 9. c3 Qc7 10. Ng5 h6 11. Nh3 e5 12. Nf5 exd4 13. Nxd6 Qxd6 14. Bf4 Qc5 15. Rc1 dxc3 16. Bd6 Qb6 17. Bxf8 cxb2 18. Rb1 Nxf8 19. Nf4 Ne6 20. Nd3 Nd4 21. Rxb2 Nxe2+ 22. Rxe2 Bg4 23. Rfe1 Bxe2 24. Rxe2 Rd8 25. Rd2 Ne4 26. Rc2 Rxd3 0-1